LIBRARY & INFORMATION CENTRE, KCAET, TAVANUR

ONLINE PUBLIC ACCESS CATALOGUE (OPAC)

Instrumentation measurement and analysis / (Record no. 15385)

MARC details
000 -LEADER
fixed length control field 00406cam a2200145ua 4500
020 ## - INTERNATIONAL STANDARD BOOK NUMBER
ISBN 978-93-85880-62-9
082 ## - DEWEY DECIMAL CLASSIFICATION NUMBER
Classification number 621.374
Item number NAK/IN
100 ## - MAIN ENTRY--AUTHOR NAME
Personal name Nakra, B C .
245 ## - TITLE STATEMENT
Title Instrumentation measurement and analysis /
250 ## - EDITION STATEMENT
Edition statement 4 /
260 ## - PUBLICATION, DISTRIBUTION, ETC. (IMPRINT)
Place of publication New Delhi :
Name of publisher Tata Mc-Graw Hill Publishing Company ,
Year of publication 2017
300 ## - PHYSICAL DESCRIPTION
Number of Pages 24.33, B.2, I.7
700 1# - ADDED ENTRY--PERSONAL NAME
Personal name Chaudhry, K K .
942 ## - ADDED ENTRY ELEMENTS (KOHA)
Koha item type Book Bank scheme for SC students
Holdings
Withdrawn status Lost status Damaged status Home library Current library Shelving location Date acquired Full call number Accession Number Koha item type
      KAUAET KAUAET Scheme 31/03/2018 621.374 NAK/IN BB 492 Book Bank scheme for SC students
      KAUAET KAUAET Scheme 31/03/2018 621.374 NAK/IN BB 493 Book Bank scheme for SC students
free website counter